[Event "Titled Tuesday intern op 11th Feb Early"]
[Site "Chess.com INT"]
[Date "2025.02.11"]
[Round "11"]
[White "Gulamirian, Korun"]
[Black "Miserendino, Alfredo"]
[Result "0-1"]
[WhiteElo "1890"]
[BlackElo "2032"]
[PlyCount "52"]
[EventDate "2025.02.11"]
[EventType "swiss (blitz)"]
[EventRounds "11"]
[EventCountry "USA"]
[SourceTitle "CB08_2025"]
[SourceDate "2025.02.19"]
[SourceVersion "1"]
[SourceVersionDate "2025.02.19"]
[SourceQuality "1"]

1. e4 c5 2. Nf3 e6 3. d4 cxd4 4. Nxd4 Bc5 5. Nb3 Bb6 6. Nc3 Ne7 7. Nb5 0-0 8. Nd6 f5 9. e5 Nbc6 10. Bf4 Ng6 11. g3 Ngxe5 12. Bg2 Nf7 13. 0-0 e5 14. Be3 Nxd6 15. Qxd6 Qf6 16. Bd5+ Kh8 17. Qa3 Bc7 18. f4 d6 19. Rae1 Be6 20. Bxe6 Qxe6 21. fxe5 dxe5 22. Nc5 Qe7 23. Rd1 Bb6 24. b4 Rad8 25. Rxd8 Rxd8 26. Rxf5 h6 0-1

[Event "Titled Tuesday intern op 04th Feb Late"]
[Site "Chess.com INT"]
[Date "2025.02.04"]
[Round "2"]
[White "Gulamirian, Korun"]
[Black "Decuigniere, Tom"]
[Result "0-1"]
[WhiteElo "1890"]
[BlackElo "2375"]
[PlyCount "84"]
[EventDate "2025.02.04"]
[EventType "swiss (blitz)"]
[EventRounds "11"]
[EventCountry "USA"]
[SourceTitle "CB07_2025"]
[SourceDate "2025.02.12"]
[SourceVersion "1"]
[SourceVersionDate "2025.02.12"]
[SourceQuality "1"]

1. e4 c5 2. Be2 e6 3. f4 d5 4. d3 Nc6 5. c3 Bd6 6. Nf3 Nge7 7. 0-0 0-0 8. Na3 a6 9. Nc2 f6 10. a3 b5 11. b4 cxb4 12. cxb4 Qc7 13. Be3 Bxf4 14. Bxf4 Qxf4 15. Nfd4 Qc7 16. Rc1 Qb6 17. Kh1 Nxd4 18. Ne3 Nxe2 19. Qxe2 dxe4 20. dxe4 Bb7 21. Ng4 Ng6 22. Rc5 Rac8 23. Rfc1 Rxc5 24. bxc5 Qc6 25. Nf2 Rd8 26. h3 f5 27. Rd1 Rxd1+ 28. Qxd1 fxe4 29. Qd8+ Nf8 30. Ng4 e3 31. Nxe3 Qxc5 32. Ng4 Qc1+ 33. Kh2 Qf4+ 34. Kg1 Qc1+ 35. Kh2 Qf1 36. Qd2 a5 37. Ne5 b4 38. axb4 axb4 39. Nd3 b3 40. Nc5 Bd5 41. Nd3 Ng6 42. Nb4 Nf4 0-1

[Event "Titled Tuesday intern op 04th Feb Late"]
[Site "Chess.com INT"]
[Date "2025.02.04"]
[Round "1"]
[White "Pang, Qi"]
[Black "Gulamirian, Korun"]
[Result "1-0"]
[WhiteElo "2228"]
[BlackElo "1890"]
[PlyCount "89"]
[EventDate "2025.02.04"]
[EventType "swiss (blitz)"]
[EventRounds "11"]
[EventCountry "USA"]
[SourceTitle "CB07_2025"]
[SourceDate "2025.02.12"]
[SourceVersion "1"]
[SourceVersionDate "2025.02.12"]
[SourceQuality "1"]

1. d4 Nf6 2. Nf3 g6 3. g3 Bg7 4. Bg2 0-0 5. 0-0 c6 6. c4 d5 7. b3 e6 8. Bb2 b5 9. cxb5 cxb5 10. Nc3 a6 11. e3 Nc6 12. Rc1 Bb7 13. Qe2 Rc8 14. Nd2 e5 15. dxe5 Nxe5 16. Nf3 Nfd7 17. Rfd1 Nb6 18. Nxe5 Bxe5 19. Qd3 Bxc3 20. Bxc3 Qe7 21. Qd4 f6 22. Qxb6 Rc6 23. Qd4 Rd6 24. Bb4 Rfd8 25. Bxd6 Rxd6 26. Rc5 Kf7 27. Rdc1 Rd7 28. Qc3 d4 29. exd4 Bxg2 30. Kxg2 Qe4+ 31. Qf3 Rxd4 32. Rc7+ Ke6 33. R1c6+ Kd5 34. Rc5+ Kd6 35. R7c6+ Kd7 36. Qxe4 Rxe4 37. Rxa6 Rb4 38. Rd5+ Ke7 39. Rb6 Re4 40. Rdxb5 Re2 41. Ra5 h5 42. Ra7+ Kf8 43. Rxf6+ Kg8 44. Rxg6+ Kh8 45. Rg5 1-0

[Event "Titled Tuesday intern op 04th Feb Late"]
[Site "Chess.com INT"]
[Date "2025.02.04"]
[Round "5"]
[White "Zheng, Marcus"]
[Black "Gulamirian, Korun"]
[Result "1-0"]
[WhiteElo "2026"]
[BlackElo "1890"]
[PlyCount "87"]
[EventDate "2025.02.04"]
[EventType "swiss (blitz)"]
[EventRounds "11"]
[EventCountry "USA"]
[SourceTitle "CB07_2025"]
[SourceDate "2025.02.12"]
[SourceVersion "1"]
[SourceVersionDate "2025.02.12"]
[SourceQuality "1"]

1. e4 e5 2. Nf3 Nc6 3. Bb5 a6 4. Bxc6 dxc6 5. 0-0 Bg4 6. h3 h5 7. d3 Qf6 8. Be3 Bxf3 9. Qxf3 Qxf3 10. gxf3 0-0-0 11. f4 Bd6 12. f5 Nf6 13. Nd2 h4 14. Nc4 b5 15. Na5 Kd7 16. f4 Nh5 17. fxe5 Bxe5 18. d4 Bd6 19. e5 Bb4 20. Nb3 Ng3 21. Rf3 a5 22. c3 a4 23. Nd2 Be7 24. Bf2 a3 25. b3 b4 26. Bxg3 hxg3 27. Rxg3 Rh7 28. c4 c5 29. d5 c6 30. d6 Bh4 31. Rg4 Re8 32. Nf3 f6 33. e6+ Kxd6 34. Rd1+ Ke7 35. Rd7+ Kf8 36. Nxh4 Re7 37. Ng6+ Ke8 38. Rxe7+ Kd8 39. Rg3 Rh5 40. Rd3+ Kc8 41. Rdd7 Rg5+ 42. Kf2 Rxf5+ 43. Ke3 Re5+ 44. Nxe5 1-0

[Event "Titled Tuesday intern op 28th Jan Early"]
[Site "Chess.com INT"]
[Date "2025.01.28"]
[Round "5"]
[White "Goldin, Roman"]
[Black "Gulamirian, Korun"]
[Result "0-1"]
[WhiteElo "2288"]
[BlackElo "1890"]
[PlyCount "62"]
[EventDate "2025.01.28"]
[EventType "swiss (blitz)"]
[EventRounds "11"]
[EventCountry "USA"]
[SourceTitle "CB06_2025"]
[SourceDate "2025.02.05"]
[SourceVersion "1"]
[SourceVersionDate "2025.02.05"]
[SourceQuality "1"]

1. d4 Nf6 2. Nf3 d5 3. g3 c6 4. Bg2 Bf5 5. 0-0 e6 6. c4 h6 7. Nbd2 Nbd7 8. b3 Bd6 9. Bb2 0-0 10. Re1 a5 11. a3 Re8 12. Nh4 Bh7 13. e4 dxe4 14. Nxe4 Nxe4 15. Bxe4 Bxe4 16. Rxe4 Nf6 17. Re3 b5 18. Qe2 Rb8 19. Re1 Bf8 20. d5 exd5 21. Nf5 Rxe3 22. fxe3 bxc4 23. bxc4 dxc4 24. Bd4 c5 25. Be5 Rb3 26. Rf1 Qd3 27. Qf2 Ng4 28. Nxh6+ Nxh6 29. Bf4 Ng4 30. Qf3 Nxe3 31. Re1 Nc2 0-1

[Event "Titled Tuesday intern op 28th Jan Early"]
[Site "Chess.com INT"]
[Date "2025.01.28"]
[Round "8"]
[White "Topalov, Aleksandar"]
[Black "Gulamirian, Korun"]
[Result "0-1"]
[WhiteElo "2233"]
[BlackElo "1890"]
[PlyCount "122"]
[EventDate "2025.01.28"]
[EventType "swiss (blitz)"]
[EventRounds "11"]
[EventCountry "USA"]
[SourceTitle "CB06_2025"]
[SourceDate "2025.02.05"]
[SourceVersion "1"]
[SourceVersionDate "2025.02.05"]
[SourceQuality "1"]

1. b3 e5 2. Bb2 Nc6 3. c4 Nf6 4. e3 d5 5. cxd5 Nxd5 6. a3 Be6 7. Qc2 Be7 8. Nf3 f6 9. d3 0-0 10. Nbd2 Qd7 11. Be2 Rad8 12. 0-0 Kh8 13. Rfd1 Bf5 14. Ne4 Qe8 15. Ng3 Be6 16. Rac1 Qf7 17. Ne4 Rfe8 18. Nfd2 Nb6 19. Nc4 Rd7 20. Ned2 Red8 21. Nf3 Bf5 22. Nh4 Be6 23. Nf3 Bf5 24. Qc3 Nd5 25. Qe1 Be6 26. b4 Nb6 27. Nxb6 axb6 28. d4 exd4 29. Nxd4 Nxd4 30. Bxd4 Bb3 31. Rd3 Bc4 32. Rdc3 Bxe2 33. Qxe2 c5 34. bxc5 bxc5 35. Bxc5 Rd2 36. Qf3 Bxc5 37. Rxc5 Qa2 38. Rc8 h6 39. Rxd8+ Rxd8 40. Qxb7 Qxa3 41. Qb1 Qf8 42. h3 Rd2 43. Rd1 Qd6 44. Rxd2 Qxd2 45. Qb8+ Kh7 46. Qf4 Qe1+ 47. Kh2 Qd2 48. h4 Kh8 49. h5 Qd5 50. g4 Qd2 51. Kg3 Kh7 52. Qf3 Kh8 53. Qe4 Kg8 54. Qe6+ Kh8 55. Qe4 Qd6+ 56. Qf4 Qd2 57. Qd4 Qe1 58. e4 Qg1+ 59. Kf3 Qh1+ 60. Kf4 Qh2+ 61. Kf5 Qg2 0-1

[Event "Titled Tuesday intern op 21st Jan Late"]
[Site "Chess.com INT"]
[Date "2025.01.21"]
[Round "1"]
[White "Ghevondyan, Arman"]
[Black "Gulamirian, Korun"]
[Result "1-0"]
[WhiteElo "2216"]
[BlackElo "1890"]
[PlyCount "87"]
[EventDate "2025.01.21"]
[EventType "swiss (blitz)"]
[EventRounds "11"]
[EventCountry "USA"]
[SourceTitle "CB05_2025"]
[SourceDate "2025.01.29"]
[SourceVersion "1"]
[SourceVersionDate "2025.01.29"]
[SourceQuality "1"]

1. Nf3 Nf6 2. g3 g6 3. Bg2 Bg7 4. 0-0 0-0 5. d4 c6 6. c4 e6 7. Nc3 d5 8. b3 Ne4 9. Bb2 dxc4 10. bxc4 Nxc3 11. Bxc3 c5 12. e3 Nc6 13. Rb1 Rb8 14. Qd2 cxd4 15. exd4 Qd7 16. Rfd1 Rd8 17. d5 Bxc3 18. Qxc3 exd5 19. cxd5 Ne7 20. Ne5 Qf5 21. Qc7 Bd7 22. g4 Qf4 23. d6 Nc6 24. Nxd7 Rbc8 25. Qxb7 Nd4 26. Kh1 Qxd6 27. Rb4 Rc7 28. Qxc7 Qxc7 29. Rbxd4 Kg7 30. h3 Qc2 31. R1d2 Qc1+ 32. Kh2 Qc7+ 33. f4 g5 34. Kg3 gxf4+ 35. Kf3 Qc3+ 36. Kxf4 Qc7+ 37. Kf3 Qc3+ 38. Kf2 Qc7 39. R4d3 Rxd7 40. Rxd7 Qf4+ 41. Kg1 Qe3+ 42. Kf1 Qf4+ 43. Ke1 Qg3+ 44. Kd1 1-0

[Event "Titled Tuesday intern op 21st Jan Late"]
[Site "Chess.com INT"]
[Date "2025.01.21"]
[Round "4"]
[White "Gulamirian, Korun"]
[Black "Arias Igual, Alejandro"]
[Result "1-0"]
[WhiteElo "1890"]
[BlackElo "2244"]
[PlyCount "83"]
[EventDate "2025.01.21"]
[EventType "swiss (blitz)"]
[EventRounds "11"]
[EventCountry "USA"]
[SourceTitle "CB05_2025"]
[SourceDate "2025.01.29"]
[SourceVersion "1"]
[SourceVersionDate "2025.01.29"]
[SourceQuality "1"]

1. e4 c5 2. Be2 Nc6 3. f4 g6 4. Nf3 Bg7 5. c3 e6 6. 0-0 Nge7 7. d3 d6 8. Na3 0-0 9. Be3 Rb8 10. Nb5 a6 11. Na3 b5 12. Rb1 a5 13. d4 cxd4 14. Nxd4 b4 15. Nab5 bxc3 16. bxc3 Nxd4 17. Bxd4 e5 18. Ba7 Ra8 19. Be3 Ba6 20. c4 Nc6 21. Qxd6 Nd4 22. Bxd4 exd4 23. Qxd8 Rfxd8 24. Bd3 Bf8 25. f5 Rac8 26. e5 Bb4 27. a4 Rc5 28. e6 fxe6 29. fxg6 hxg6 30. Rf6 Re5 31. Rxg6+ Kf7 32. Rg3 Ke7 33. Rg7+ Kf8 34. Rh7 Bxb5 35. Rh8+ Ke7 36. Rxd8 Kxd8 37. cxb5 Re3 38. Rd1 e5 39. b6 Kc8 40. Ba6+ Kb8 41. Rf1 Re1 42. h4 1-0

[Event "Titled Tuesday intern op 14th Jan Early"]
[Site "Chess.com INT"]
[Date "2025.01.14"]
[Round "1"]
[White "Gulamirian, Korun"]
[Black "Biastoch, Bennet"]
[Result "1-0"]
[WhiteElo "1890"]
[BlackElo "2205"]
[PlyCount "71"]
[EventDate "2025.01.14"]
[EventType "swiss (blitz)"]
[EventRounds "11"]
[EventCountry "USA"]
[SourceTitle "CB04_2025"]
[SourceDate "2025.01.22"]
[SourceVersion "1"]
[SourceVersionDate "2025.01.22"]
[SourceQuality "1"]

1. e4 c5 2. Nf3 e6 3. d4 cxd4 4. Nxd4 Nf6 5. Nc3 Nc6 6. Ndb5 Bb4 7. Bf4 Bxc3+ 8. bxc3 Nxe4 9. Nc7+ Kf8 10. Nxa8 Qf6 11. Qf3 d5 12. Bb5 Qxc3+ 13. Qxc3 Nxc3 14. Bxc6 bxc6 15. Bd6+ Ke8 16. Bc5 Bb7 17. Bd4 Nb5 18. Bxg7 Rg8 19. a4 Nd6 20. Be5 Nc4 21. Rb1 Bc8 22. Rb8 Kd7 23. Bd4 Rxg2 24. Bxa7 Rg4 25. Nb6+ Nxb6 26. Bxb6 Rxa4 27. Kd2 Rh4 28. Rg1 Rxh2 29. Rg7 Ba6 30. Rxf7+ Kd6 31. Bc7+ Kc5 32. Bxh2 Bc4 33. Rxh7 Kd4 34. Rh6 e5 35. Rxc6 e4 36. c3# 1-0

[Event "Titled Tuesday intern op 14th Jan Early"]
[Site "Chess.com INT"]
[Date "2025.01.14"]
[Round "3"]
[White "Olsson, Linus"]
[Black "Gulamirian, Korun"]
[Result "1-0"]
[WhiteElo "2166"]
[BlackElo "1890"]
[PlyCount "97"]
[EventDate "2025.01.14"]
[EventType "swiss (blitz)"]
[EventRounds "11"]
[EventCountry "USA"]
[SourceTitle "CB04_2025"]
[SourceDate "2025.01.22"]
[SourceVersion "1"]
[SourceVersionDate "2025.01.22"]
[SourceQuality "1"]

1. d4 Nf6 2. c4 c5 3. d5 b5 4. cxb5 a6 5. bxa6 g6 6. Nc3 Bg7 7. e4 d6 8. Nf3 0-0 9. h3 Bxa6 10. Bxa6 Nxa6 11. 0-0 Qa5 12. e5 dxe5 13. Nxe5 Nb4 14. Nc6 Nxc6 15. dxc6 Qb6 16. Qf3 Rac8 17. Re1 e6 18. Be3 Qxb2 19. Rec1 Qb6 20. Na4 Qxc6 21. Qxc6 Rxc6 22. Rxc5 Rxc5 23. Bxc5 Ra8 24. Nb6 Ra5 25. Bd4 Ra6 26. a4 e5 27. Be3 Ne4 28. a5 f5 29. Nc4 f4 30. Bb6 Nc3 31. Re1 e4 32. Nd2 Nd5 33. Rxe4 Nxb6 34. axb6 Rxb6 35. Rxf4 Rd6 36. Nf3 Rd1+ 37. Kh2 g5 38. Ra4 h6 39. Ra7 Bf6 40. g4 Rd3 41. Kg2 Rb3 42. Rd7 Rb2 43. Nh2 Rc2 44. Nf1 Rb2 45. Ne3 Rc2 46. Nf5 Rc6 47. Nxh6+ Kh8 48. Nf5 Kg8 49. Rb7 1-0

[Event "Titled Tuesday intern op 14th Jan Early"]
[Site "Chess.com INT"]
[Date "2025.01.14"]
[Round "10"]
[White "Swara, Lakshmi S Nair"]
[Black "Gulamirian, Korun"]
[Result "0-1"]
[WhiteElo "2158"]
[BlackElo "1890"]
[PlyCount "96"]
[EventDate "2025.01.14"]
[EventType "swiss (blitz)"]
[EventRounds "11"]
[EventCountry "USA"]
[SourceTitle "CB04_2025"]
[SourceDate "2025.01.22"]
[SourceVersion "1"]
[SourceVersionDate "2025.01.22"]
[SourceQuality "1"]

1. e4 c5 2. Nf3 e6 3. d4 cxd4 4. Nxd4 Nf6 5. Nc3 Nc6 6. Ndb5 Bb4 7. a3 Bxc3+ 8. Nxc3 d5 9. exd5 exd5 10. Bd3 0-0 11. 0-0 Bg4 12. f3 Bh5 13. Bg5 Bg6 14. Kh1 Ne5 15. Bxg6 Nxg6 16. Bxf6 Qxf6 17. Qxd5 Rfd8 18. Qe4 Re8 19. Qb4 Rad8 20. Rfe1 b6 21. Ne4 Qf4 22. Rad1 h6 23. Qa4 Kh7 24. Rb1 Re6 25. Qb3 Rde8 26. Qc3 Qh4 27. Ng3 Rxe1+ 28. Rxe1 Rxe1+ 29. Qxe1 Qd4 30. c3 Qd3 31. Ne4 Qc2 32. b4 Nf4 33. Qf1 f5 34. Nd6 g6 35. g3 Ne6 36. Qe1 Ng7 37. Ne8 h5 38. Nf6+ Kh6 39. Qe3+ g5 40. Ng8+ Kg6 41. Ne7+ Kf7 42. Nd5 Qd1+ 43. Kg2 Qxd5 44. Qxg5 Qe6 45. Qf4 Qf6 46. Qc7+ Kg6 47. Qxa7 Qxc3 48. Qxb6+ Qf6 0-1

[Event "Titled Tuesday intern op 07th Jan Early"]
[Site "Chess.com INT"]
[Date "2025.01.07"]
[Round "7"]
[White "Gulamirian, Korun"]
[Black "Preobrazhenskaya, Diana"]
[Result "0-1"]
[WhiteElo "1890"]
[BlackElo "2033"]
[PlyCount "52"]
[EventDate "2025.01.07"]
[EventType "swiss (blitz)"]
[EventRounds "11"]
[EventCountry "USA"]
[SourceTitle "CB03_2025"]
[SourceDate "2025.01.15"]
[SourceVersion "1"]
[SourceVersionDate "2025.01.15"]
[SourceQuality "1"]

1. d4 Nf6 2. c4 e6 3. Nf3 b6 4. g3 Ba6 5. Qc2 c5 6. Bg2 Nc6 7. a3 cxd4 8. b4 b5 9. cxb5 Bxb5 10. 0-0 Rc8 11. Qb2 Qb6 12. a4 Bc4 13. b5 Na5 14. Nbd2 Bxe2 15. Re1 d3 16. Nd4 Bc5 17. N2f3 Nc4 18. Qc3 Bxf3 19. Nxf3 Bxf2+ 20. Kh1 Bxe1 21. Qxe1 0-0 22. Bg5 Ng4 23. h3 Nge3 24. Qd1 Nxd1 25. Rxd1 Nb2 26. Rd2 Rc2 0-1

[Event "Titled Tuesday intern op 07th Jan Early"]
[Site "Chess.com INT"]
[Date "2025.01.07"]
[Round "6"]
[White "Gulamirian, Korun"]
[Black "Vedant, Nitin Vekhande"]
[Result "1-0"]
[WhiteElo "1890"]
[BlackElo "2167"]
[PlyCount "93"]
[EventDate "2025.01.07"]
[EventType "swiss (blitz)"]
[EventRounds "11"]
[EventCountry "USA"]
[SourceTitle "CB03_2025"]
[SourceDate "2025.01.15"]
[SourceVersion "1"]
[SourceVersionDate "2025.01.15"]
[SourceQuality "1"]

1. d4 Nf6 2. c4 e6 3. Nf3 d5 4. g3 Bd6 5. Bg2 0-0 6. 0-0 c6 7. Qc2 Ne4 8. Rd1 f5 9. Ne5 Nd7 10. Bf4 Bxe5 11. Bxe5 Nxe5 12. dxe5 Qb6 13. e3 Qc5 14. Nd2 Nxd2 15. Rxd2 dxc4 16. Rad1 Qxe5 17. Qxc4 Qf6 18. b4 Rb8 19. h4 Kh8 20. Rd6 Qe7 21. Qc5 Qe8 22. Qe5 Ra8 23. Bf3 Qe7 24. h5 h6 25. Kg2 Kg8 26. a4 Kf7 27. b5 cxb5 28. axb5 a6 29. b6 a5 30. Rc1 Rd8 31. Rxd8 Qxd8 32. Rc7+ Bd7 33. Bxb7 Rb8 34. Bc6 Rxb6 35. Rxd7+ Qxd7 36. Bxd7 Ra6 37. Bb5 Ra7 38. Qc5 Re7 39. Qb6 a4 40. Bxa4 Kf6 41. Bb3 Kf7 42. f4 Kf6 43. Qc5 g6 44. hxg6 Kxg6 45. Qxe7 Kh5 46. Qf7+ Kg4 47. Qg6# 1-0

[Event "Titled Tuesday intern op 07th Jan Early"]
[Site "Chess.com INT"]
[Date "2025.01.07"]
[Round "8"]
[White "Novikova, Margarita"]
[Black "Gulamirian, Korun"]
[Result "0-1"]
[WhiteElo "1977"]
[BlackElo "1890"]
[PlyCount "154"]
[EventDate "2025.01.07"]
[EventType "swiss (blitz)"]
[EventRounds "11"]
[EventCountry "USA"]
[SourceTitle "CB03_2025"]
[SourceDate "2025.01.15"]
[SourceVersion "1"]
[SourceVersionDate "2025.01.15"]
[SourceQuality "1"]

1. e4 e5 2. Nf3 Nc6 3. Bc4 Nf6 4. d3 Be7 5. 0-0 0-0 6. c3 d6 7. h3 Na5 8. Bb5 c6 9. Ba4 b5 10. Bc2 c5 11. d4 exd4 12. cxd4 Bb7 13. d5 c4 14. Bd2 Bc8 15. Qe1 Nb7 16. Nd4 Nc5 17. Nxb5 Ba6 18. Nd4 c3 19. Nxc3 Bxf1 20. Qxf1 Qb6 21. Rb1 Rfe8 22. b4 Ncd7 23. a4 Qxd4 24. Qc1 Rac8 25. Rb3 Qc4 26. Qb1 Ne5 27. f4 Qd4+ 28. Kh1 Nc4 29. Be1 Ne3 30. Nb5 Qc4 31. Rxe3 Qxc2 32. Qxc2 Rxc2 33. Nxa7 Ra8 34. Nc6 Bf8 35. a5 Rc1 36. Kh2 h6 37. Bh4 g5 38. fxg5 hxg5 39. Bxg5 Nh7 40. Rg3 Nxg5 41. Rxg5+ Bg7 42. Ne7+ Kf8 43. Nf5 Be5+ 44. Ng3 Rb1 45. h4 Rxb4 46. Kh3 Rb3 47. h5 Rxg3+ 48. Rxg3 Bxg3 49. Kxg3 Rxa5 50. Kf4 Kg7 51. g4 Kh6 52. Kf5 Ra8 53. Kf6 Rg8 54. Kf5 Rg5+ 55. Kf4 f6 56. Kf3 Rg8 57. Kf4 Re8 58. Kf5 Re5+ 59. Kf4 Rg5 60. Kf3 Kg7 61. Kf4 Kf7 62. Kf3 Ke7 63. Kf4 Kd7 64. h6 Rg6 65. h7 Rh6 66. Kf5 Rxh7 67. Kxf6 Ke8 68. g5 Rh8 69. g6 Rg8 70. Kf5 Rg7 71. Kf6 Kf8 72. Kf5 Ke7 73. Kg5 Rg8 74. Kh6 Kf6 75. e5+ dxe5 76. d6 Rxg6+ 77. Kh5 Rg7 0-1

[Event "Titled Tuesday intern op 07th Jan Early"]
[Site "Chess.com INT"]
[Date "2025.01.07"]
[Round "9"]
[White "Ohler, Julius"]
[Black "Gulamirian, Korun"]
[Result "1-0"]
[WhiteElo "2235"]
[BlackElo "1890"]
[PlyCount "99"]
[EventDate "2025.01.07"]
[EventType "swiss (blitz)"]
[EventRounds "11"]
[EventCountry "USA"]
[SourceTitle "CB03_2025"]
[SourceDate "2025.01.15"]
[SourceVersion "1"]
[SourceVersionDate "2025.01.15"]
[SourceQuality "1"]

1. c4 Nf6 2. g3 e6 3. Bg2 d5 4. Nf3 Bd6 5. 0-0 0-0 6. b3 c6 7. Bb2 Nbd7 8. d4 Re8 9. Nc3 b6 10. Qd3 Bb7 11. Rfd1 Qe7 12. Rac1 Rad8 13. e3 e5 14. dxe5 Nxe5 15. Nxe5 Bxe5 16. cxd5 Nxd5 17. Nxd5 cxd5 18. Bxe5 Qxe5 19. Qd4 Qd6 20. Rd2 h6 21. Rcd1 Qa3 22. Qb2 Qc5 23. Rc1 Qe7 24. Qd4 Ba8 25. Rdc2 Qd6 26. Rc7 Rd7 27. R7c2 Qe6 28. h4 Qd6 29. Bf3 Qg6 30. Rc8 Rxc8 31. Rxc8+ Kh7 32. Qe5 Bb7 33. Rb8 Qb1+ 34. Kg2 Qg6 35. Qe8 Qe6 36. Qg8+ Kg6 37. h5+ Kf6 38. Re8 Re7 39. Rb8 Rd7 40. Qf8 Re7 41. Qd8 Bc6 42. Rc8 Bd7 43. Rc7 Bc6 44. Qb8 Bd7 45. Qb7 Qf5 46. Bxd5 Qh3+ 47. Kg1 Qf5 48. Bg2 Qb1+ 49. Kh2 Qf5 50. Qf3 1-0

[Event "Titled Tuesday intern op 24th Sep Late"]
[Site "Chess.com INT"]
[Date "2024.09.24"]
[Round "7"]
[White "Gorbenko, Rustem"]
[Black "Gulamirian, Korun"]
[Result "1-0"]
[WhiteElo "2200"]
[BlackElo "1890"]
[PlyCount "97"]
[EventDate "2024.09.24"]
[EventType "swiss (blitz)"]
[EventRounds "11"]
[EventCountry "USA"]
[SourceTitle "EXT 2025"]
[Source "ChessBase"]
[SourceDate "2024.10.14"]
[SourceVersion "1"]
[SourceVersionDate "2024.10.14"]
[SourceQuality "1"]

1. d4 Nf6 2. c4 c5 3. d5 b5 4. cxb5 a6 5. bxa6 Bxa6 6. Nc3 g6 7. Nf3 Bg7 8. e4 Bxf1 9. Kxf1 d6 10. g3 0-0 11. Kg2 Nbd7 12. a4 Ra5 13. Ra3 Qa8 14. Nb5 Rc8 15. Bd2 Ra6 16. Qc2 Ng4 17. Bc3 Nge5 18. Nd2 f5 19. f4 Ng4 20. Bxg7 Kxg7 21. Re1 fxe4 22. Qxe4 e5 23. dxe6 Qxe4+ 24. Nxe4 Ndf6 25. Nexd6 Rcc6 26. e7 Rxd6 27. Nxd6 Rxd6 28. e8Q Nxe8 29. Rxe8 Rd2+ 30. Kf3 h5 31. Rc8 Rf2+ 32. Ke4 Nf6+ 33. Ke5 Ng4+ 34. Kd6 Rxb2 35. Rxc5 Rxh2 36. Rc7+ Kf6 37. a5 Rd2+ 38. Kc6 Rc2+ 39. Kb7 Rb2+ 40. Kc8 h4 41. gxh4 Kf5 42. a6 Nf6 43. a7 Nd5 44. Ra5 Rd2 45. Rcc5 Ke4 46. Rxd5 Rxd5 47. Rxd5 Kxd5 48. a8Q+ Kd4 49. Qg2 1-0

[Event "Titled Tuesday intern op 24th Sep Early"]
[Site "Chess.com INT"]
[Date "2024.09.24"]
[Round "3"]
[White "Gulamirian, Korun"]
[Black "Harriott, Tyrell"]
[Result "0-1"]
[WhiteElo "1890"]
[BlackElo "1924"]
[PlyCount "58"]
[EventDate "2024.09.24"]
[EventType "swiss (blitz)"]
[EventRounds "11"]
[EventCountry "USA"]
[SourceTitle "EXT 2025"]
[Source "ChessBase"]
[SourceDate "2024.10.14"]
[SourceVersion "1"]
[SourceVersionDate "2024.10.14"]
[SourceQuality "1"]

1. e4 d5 2. exd5 Nf6 3. d4 Qxd5 4. c4 Qe4+ 5. Be3 e5 6. Nc3 Bb4 7. d5 0-0 8. a3 Bxc3+ 9. bxc3 Ng4 10. Qd3 Qxd3 11. Bxd3 Nxe3 12. fxe3 f5 13. Ne2 Na6 14. 0-0 Nc5 15. Bc2 Bd7 16. Ng3 g6 17. a4 a5 18. h4 Kg7 19. h5 Kh6 20. hxg6 hxg6 21. Ne2 Kg5 22. Kf2 Rh8 23. Rh1 Raf8 24. g3 Rfg8 25. Rxh8 Rxh8 26. Ng1 Rh2+ 27. Ke1 Rxc2 28. Nf3+ Kf6 29. Ra3 Bxa4 0-1

[Event "Titled Tuesday intern op 24th Sep Late"]
[Site "Chess.com INT"]
[Date "2024.09.24"]
[Round "3"]
[White "Gulamirian, Korun"]
[Black "Karlusic, Luka"]
[Result "0-1"]
[WhiteElo "1890"]
[BlackElo "2267"]
[PlyCount "56"]
[EventDate "2024.09.24"]
[EventType "swiss (blitz)"]
[EventRounds "11"]
[EventCountry "USA"]
[SourceTitle "EXT 2025"]
[Source "ChessBase"]
[SourceDate "2024.10.14"]
[SourceVersion "1"]
[SourceVersionDate "2024.10.14"]
[SourceQuality "1"]

1. e4 e6 2. d4 d5 3. Nd2 Nc6 4. c3 e5 5. Bb5 exd4 6. cxd4 Bd7 7. Bxc6 Bxc6 8. e5 Qd7 9. Ngf3 Bb5 10. a4 Ba6 11. a5 Qg4 12. g3 0-0-0 13. Nf1 Bb4+ 14. Bd2 Qe4+ 15. Ne3 Bxd2+ 16. Kxd2 Ne7 17. Rc1 Nc6 18. Rxc6 bxc6 19. Kc1 f6 20. Re1 Rhe8 21. Nc2 Qg4 22. Ne3 Qh5 23. g4 Qg6 24. h3 Qd3 25. Qxd3 Bxd3 26. Kd2 Be4 27. Nh4 fxe5 28. f3 exd4 0-1

[Event "Titled Tuesday intern op 24th Sep Late"]
[Site "Chess.com INT"]
[Date "2024.09.24"]
[Round "4"]
[White "Gulamirian, Korun"]
[Black "Swara, Lakshmi S Nair"]
[Result "0-1"]
[WhiteElo "1890"]
[BlackElo "2018"]
[PlyCount "54"]
[EventDate "2024.09.24"]
[EventType "swiss (blitz)"]
[EventRounds "11"]
[EventCountry "USA"]
[SourceTitle "EXT 2025"]
[Source "ChessBase"]
[SourceDate "2024.10.14"]
[SourceVersion "1"]
[SourceVersionDate "2024.10.14"]
[SourceQuality "1"]

1. e4 c5 2. Be2 Nc6 3. f4 d6 4. Nf3 Nf6 5. d3 g6 6. c3 Bg7 7. 0-0 0-0 8. h3 e5 9. Na3 Re8 10. Nc4 b5 11. fxe5 dxe5 12. Ne3 Bb7 13. a4 a6 14. Bd2 c4 15. axb5 axb5 16. Rxa8 Qxa8 17. dxc4 Nxe4 18. cxb5 Ne7 19. Be1 Rd8 20. Qc2 Qa7 21. Bf2 Nxf2 22. Kxf2 Nf5 23. Qc1 Bh6 24. Bc4 Bxe3+ 25. Ke2 Bxc1 26. Rxc1 Qe3+ 27. Kf1 Qxc1+ 0-1

[Event "Titled Tuesday intern op 24th Sep Early"]
[Site "Chess.com INT"]
[Date "2024.09.24"]
[Round "6"]
[White "Rioseco Pinochet, Fernando Luis"]
[Black "Gulamirian, Korun"]
[Result "1-0"]
[WhiteElo "2129"]
[BlackElo "1890"]
[PlyCount "73"]
[EventDate "2024.09.24"]
[EventType "swiss (blitz)"]
[EventRounds "11"]
[EventCountry "USA"]
[SourceTitle "EXT 2025"]
[Source "ChessBase"]
[SourceDate "2024.10.14"]
[SourceVersion "1"]
[SourceVersionDate "2024.10.14"]
[SourceQuality "1"]

1. e4 e5 2. f4 exf4 3. Nf3 d6 4. d4 g5 5. Bc4 h6 6. c3 Bg7 7. b4 c6 8. Qb3 Qc7 9. 0-0 b5 10. Bd3 Nf6 11. h4 g4 12. Ne1 d5 13. e5 Nh5 14. Bxf4 g3 15. Be2 Nxf4 16. Rxf4 Be6 17. Nd2 Nd7 18. Nd3 0-0-0 19. a4 Nb6 20. Nc5 Nc4 21. Nxc4 dxc4 22. Qc2 h5 23. axb5 cxb5 24. Nxe6 fxe6 25. Qg6 Qe7 26. Rf7 Qxh4 27. Qxe6+ Kb8 28. Rb7+ Kxb7 29. Qa6+ Kb8 30. Qxa7+ Kc8 31. Qa8+ Kd7 32. Ra7+ Ke6 33. Qc6+ Kf5 34. Rf7+ Kg5 35. Rxg7+ Kf5 36. Qf3+ Ke6 37. Qf7# 1-0